| 000 | 01191nam0a22002771 4500 | ||
|---|---|---|---|
| 001 | rc\4441091 | ||
| 005 | 20260407114155.0 | ||
| 021 |
_aRU _b[61-54010] |
||
| 035 | _a(NLR Aleph) 008581671 | ||
| 090 |
_a8589034 _c8589034 |
||
| 100 | _a20130416d1961 |||y0rusy50 ca | ||
| 101 | 0 | _arus | |
| 102 | _aRU | ||
| 105 | _ay c ||||| | ||
| 200 | 1 |
_aИнструктивные указания к составлению техпромфинплана на предприятиях молочной промышленности _fВсесоюз. науч.-исслед. ин-т молочной пром-сти "ВНИМИ" |
|
| 210 |
_a[Москва] _cПищепромиздат _d[1961] |
||
| 215 |
_a119 с. _d22 |
||
| 300 | _aНа обороте тит. л. авт. разработки: С.А. Горкунов | ||
| 606 |
_aМолочная промышленность, предприятия _xПланирование _2psbo |
||
| 702 | 1 |
_aГоркунов _bС.А. _4570 |
|
| 712 | 0 | 2 |
_aВНИИ молочной промышленности _3RU\NLR\AUTH\889946453 _9388488 |
| 801 | 0 |
_aRU _bNLR _gpsbo |
|
| 801 | 1 |
_aRU _bELAR _2rusmarc |
|
| 852 |
_aNLR _j61-5/3574 |
||
| 942 | _cBOOK | ||
| 980 | _aNB | ||